Hunting for sustainability in tropical forests / (Registro nro. 5020)

Detalles MARC
000 -CABECERA
Campo de control 00974cam a22002774i 4500
005 - FECHA Y HORA DE LA ULTIMA TRANSACCION
Campo de control 20200104041555.0
008 - ELEMENTOS DE LONGITUD FIJA—INFORMACION GENERAL
Campo de control 990223s2000 nyuab b 001 0 eng
020 ## - ISBN
ISBN 0231109768 (alk. paper)
020 ## - ISBN
ISBN 0231109776 (pbk. : alk. paper)
040 ## - FUENTE DE CATALOGACIÓN
Agencia catalogadora original DLC
Agencia transcriptora DLC
Agencia Modificadora DLC
-- CO-BoIAVH
041 ## - IDIOMA
Código de idioma para texto/pista de sonido o título separado Inglés
044 ## - PAÍS DE PUBLICACIÓN
País de publicación Estados Unidos
082 04 - NUMERO DE CLASIFICACION DECIMAL DEWEY
Número de clasificación 333.95416
Número del ítem H94h
245 00 - MENCION DE TITULO
Título Hunting for sustainability in tropical forests /
Mención de responsabilidad John G. Robinson and Elizabeth L. Bennett, editors.
260 ## - PUBLICACION, DISTRIBUCION, ETC. (PIE DE IMPRENTA)
Lugar de publicación, distribución, etc. New York :
Nombre del editor, distribuidor, etc. Columbia University Press,
Fecha de publicación, distribución, etc. c2000.
300 ## - DESCRIPCION FISICA
Extensión xxi, 582 p. :
Otros detalles físicos ill., maps ;
Dimensiones 27 cm.
490 00 - MENCION DE SERIE
Mención de serie Biology and resource management series
650 14 - ASIENTO SECUNDARIO DE MATERIA - TERMINO TEMATICO
Término temático o nombre geográfico como elemento de entrada Caza
9 (RLIN) 48859
650 24 - ASIENTO SECUNDARIO DE MATERIA - TERMINO TEMATICO
Término temático o nombre geográfico como elemento de entrada Conservación de la vida silvestre
9 (RLIN) 158
650 24 - ASIENTO SECUNDARIO DE MATERIA - TERMINO TEMATICO
Término temático o nombre geográfico como elemento de entrada Conservación de especies
9 (RLIN) 48861
650 24 - ASIENTO SECUNDARIO DE MATERIA - TERMINO TEMATICO
Término temático o nombre geográfico como elemento de entrada Conservación biológica
9 (RLIN) 98
650 24 - ASIENTO SECUNDARIO DE MATERIA - TERMINO TEMATICO
Término temático o nombre geográfico como elemento de entrada Bosques tropicales
9 (RLIN) 48863
700 1# - ASIENTO SECUNDARIO - NOMBRE PERSONAL
Nombre personal Robinson, John G.,
Término de relación editor
9 (RLIN) 13668
700 1# - ASIENTO SECUNDARIO - NOMBRE PERSONAL
Nombre personal Bennett, Elizabeth L.,
Término de relación editor
9 (RLIN) 22499
942 ## - ELEMENTOS ADICIONALES (KOHA)
Sistema de clasificación Dewey Decimal Classification
Tipo de ítem Libro
Existencias
Withdrawn status Lost status Sistema de Clasificación Damaged status No para préstamo Colección Inventariado Ubicación Permanente Ubicación actual Fecha de adquisición Fuente de Valor Valor Total Checkouts Número topográfico Inventario / Código de Barras Date last seen Ejemplar Price effective from Forma de adquisición Tipo de material
    Dewey Decimal Classification     General Inventariado 2017 Bogotá Bogotá 23/12/2005 Instituto 39000.00   LB-333.95416 H94h 022685 04/12/2012 Ej. 1 04/12/2012 Compra Libro